Statistics for Most Fragile Countries | Fragile States Index

Click here to take the quiz!

General Stats

  • This quiz has been taken 226 times
    (224 since last reset)
  • The average score is 14 of 20

Answer Stats

ScoreCountry% Correct
109.7DR Congo
90%
114.5South Sudan
89%
110.8Sudan
89%
107.9Syria
88%
104.5Iraq
87%
114.0Somalia
87%
97.8Niger
83%
107.9Afghanistan
82%
108.4Chad
81%
108.1Yemen
80%
111.9C.A.R.
78%
102.4Nigeria
78%
102.9Pakistan
66%
97.5Ethiopia
63%
100.0Zimbabwe
63%
98.1Burundi
55%
104.9Guinea
52%
104.5Haiti
52%
99.9Guinea-Bissau
43%
100.0Cote d'Ivoire
41%

Score Distribution

Percentile by Number Answered

Percent of People with Each Score

Your Score History

You have not taken this quiz since the last reset